000 00725ntaaa2200253 4500
003 01
005 20251027203233.0
008 0714s1973 ag 01
040 _aAR-BaBN
_bspa
_cAR-BaBN
_eaacr
_dRIC
082 _a241 C54
082 _a241 C54 (2)
082 _a241 C54 (3)
082 _a241 C54 (4)
082 _a241 C54 (5)
082 _a241 C54 (6)
100 _aClark, Stanley
_914029
245 _aCurso de Etica Cristiana /
_cStanley Clark, Oscar Craviotto
260 _aBuenos Aires :
_bSeminario Internacional Teológico Bautista,
_c2007
300 _a151 p. ; 20 x 28 cm.
490 _aPrograma de Educación a Distancia
650 _aETICA CRISTIANA
700 _aCraviotto, Oscar
_932597
942 _cBK
999 _c27849
_d27849